000 00830nam a2200229 a 4500
001 000043810
005 20201002044959.0
008 140506s2014 pr ac 000 0 spa d
020 _a9781934461679
040 _aDO-SdBNP
_bspa
_cBNPHU
082 _a782.097295
_bH557s
100 1 _aSophy
_971648
245 1 0 _aSophy de Puerto Rico desde lo más íntimo... :
_bel poder de luchar para triunfar /
_cSophy Hernández; prólogo Laura E. Castro Cardona.
250 _a2a. ed.
260 _aPuerto Rico, :
_b[s.d.],
_c2014.
300 _a318p. :
_bil., retrs. ;
_c22 cm.
600 _aHERNÁNDEZ, SOFÍA
_xANÉCDOTAS
_971649
600 _aHERNÁNDEZ, SOFÍA
_xBIOGRAFÍA
_971650
650 4 _aCantante
_zPuerto Rico
_xAnécdotas
_971651
650 4 _aCantante
_zPuerto Rico
_xBiografía
_971652
700 1 2 _aCastro Cardona, Laura E.
_971653
999 _c43299
_d43299